000 00207nam a2200085 4500
001 1258556
005 20260312191812.0
245 _aSON ADA'NIN ÇOCUKLARI
_cZÜLFÜ LİVANELİ
260 _bDOĞAN EGMONT YAYINLARI
999 _c1258556
_d1258556